| 000 | 00397nam a2200145 a 4500 | ||
|---|---|---|---|
| 001 | 646 | ||
| 003 | CDMR | ||
| 005 | 20130930103004.0 | ||
| 008 | 130130s1993||||||||||||||||||||||||||||d | ||
| 040 |
_aCDMR _bcat _cCDMR |
||
| 100 | 1 |
_aTresserras, Joan Manuel _9489 |
|
| 245 | 1 | 0 |
_aD'ací i d'allà _b: aparador de la modernitat (1918 - 1936) |
| 260 |
_aBarcelona _c1993 _bLlibres de l'Índex |
||
| 942 |
_cMON _2udc |
||
| 999 |
_c646 _d646 |
||